Kreisfreie Städte Deutschlands, die mit 'm' enden - Statistiken

Allgemein
  • Dieses Quiz wurde 24 mal gespielt
  • Das Durchschnittsergebnis liegt bei 3 aus 8
Antwortstatistiken
Kreisfreie Stadt % Korrekt
Mannheim
83%
Ulm
50%
Potsdam
44%
Hamm
33%
Mülheim an der Ruhr
28%
Bochum
22%
Rosenheim
22%
Pforzheim
6%
Keine übereinstimmenden Quizze gefunden
Verteilung der Resultate
Anzahl Personen mit jedem Resultat
Perzentil nach korrekt beantworteten Fragen
Ihre Resultats-Entwicklung
Sie haben dieses Quiz noch nicht gespielt